[Event "FIDE Online-ch U14 Open 2020"]
[Site "Online"]
[Date "2020.12.19"]
[Round "2.1"]
[White "Yoo, Christopher Woojin"]
[Black "Daneshvar, Bardiya"]
[Result "1-0"]
[WhiteElo "2455"]
[BlackElo "2399"]
[Annotator "RC"]
[PlyCount "77"]
[EventDate "2020.12.19"]
[EventType "k.o."]
[EventCountry "NET"]
[SourceTitle "playchess.com"]
[Source "ChessBase"]
[SourceQuality "1"]

1. d4 {[%emt 0:00:00]} d5 {[%emt 0:00:06]} 2. Nf3 {[%emt 0:00:05]} Nf6 {[%emt 0:00:08]} 3. c4 {[%emt 0:00:02]} c6 {[%emt 0:00:03]} 4. e3 {[%emt 0:00:15]} Bg4 {[%emt 0:00:09]} 5. h3 {[%emt 0:01:22]} Bxf3 {[%emt 0:00:10]} 6. Qxf3 {[%emt 0:00:03]} e6 {[%emt 0:00:01]} 7. Nc3 {[%emt 0:00:17]} Nbd7 {[%emt 0:00:06]} 8. Bd3 {[%emt 0:01:28]} Bb4 {[%emt 0:00:17]} 9. O-O {[%emt 0:01:51]} O-O {[%emt 0:02:47]} 10. Bd2 {[%emt 0:01:24]} Nc5 {[%emt 0:00:27]} 11. Qe2 {[%emt 0:02:12]} Nxd3 {[%emt 0:01:19]} 12. Qxd3 {[%emt 0:00:02]} Re8 {[%emt 0:01:01]} 13. Nxd5 {[%emt 0:01:15]} Nxd5 {[%emt 0:00:06]} 14. cxd5 {[%emt 0:00:03]} Bxd2 {[%emt 0:00:04]} 15. Qxd2 {[%emt 0:01:39]} cxd5 {[%emt 0:00:07]} 16. Rac1 {[%emt 0:00:08]} Re7 {[%emt 0:01:07]} 17. Qc3 {[%emt 0:00:32]} Rd7 {[%emt 0:03:00]} 18. Rc2 {[%emt 0:00:11]} Rd6 {[%emt 0:00:26]} 19. Rfc1 {[%emt 0:01:05]} Rc6 {[%emt 0:00:34]} 20. Qa3 {[%emt 0:00:04]} Ra6 {[%emt 0:03:43]} 21. Qb4 {[%emt 0:00:55]} Rb6 {[%emt 0:00:44]} 22. Qa5 {[%emt 0:00:19]} g6 {[%emt 0:00:08]} 23. b3 {[%emt 0:00:18]} a6 {[%emt 0:01:57]} 24. Rc5 {[%emt 0:00:52]} Kg7 {[%emt 0:00:14]} 25. g3 {[%emt 0:00:20]} Qd6 {[%emt 0:00:08]} 26. h4 {[%emt 0:00:10]} h5 {[%emt 0:00:01]} 27. Qc3 {[%emt 0:00:42]} Rb5 {[%emt 0:00:11]} 28. a4 {[%emt 0:00:05]} Rb6 {[%emt 0:00:11]} 29. b4 {[%emt 0:00:39]} Qd7 {[%emt 0:00:14]} 30. Rc7 {[%emt 0:00:06]} Qxa4 {[%emt 0:00:08]} 31. Rxf7+ {[%emt 0:00:02]} Kxf7 {[%emt 0:00:01]} 32. Qc7+ {[%emt 0:00:02]} Kf6 {[%emt 0:00:12]} 33. Qxb6 {[%emt 0:00:07]} Re8 {[%emt 0:00:21]} 34. Qd6 {[%emt 0:00:27]} Re7 {[%emt 0:00:08]} 35. Rc8 {[%emt 0:00:12]} Qd1+ {[%emt 0:00:18]} 36. Kg2 {[%emt 0:00:08]} Qd3 {[%emt 0:00:04]} 37. Qe5+ {[%emt 0:00:33]} Kf7 {[%emt 0:00:03]} 38. Qh8 {[%emt 0:00:01]} e5 {[%emt 0:00:12]} 39. Qg8+ {[%emt 0:00:03]} 1-0

[Event "FIDE Online-ch U14 Open 2020"]
[Site "Online"]
[Date "2020.12.19"]
[Round "2.1"]
[White "Lazavik, Denis"]
[Black "Aditya Mittal"]
[Result "1-0"]
[WhiteElo "2436"]
[BlackElo "2438"]
[Annotator "TA"]
[PlyCount "117"]
[EventDate "2020.12.19"]
[EventType "k.o."]
[EventCountry "NET"]
[SourceTitle "playchess.com"]
[Source "ChessBase"]
[SourceQuality "1"]

{[%evp 23,117,0,0,0,17,-18,-27,-28,-11,-31,0,0,0,-35,-31,-19,-19,-44,-20,-75,-71,-84,-29,-49,-54,-52,-61,-112,-108,-114,-108,-93,-75,-103,-80,-166,-159,-292,-294,-573,-558,-554,-541,-481,-129,-146,-144,-136,-138,-151,-135,-141,-133,-146,-108,-82,-65,-62,19,18,75,52,140,148,958,956,951,947,941,925,782,679,1058,1313,2061,1797,29978,29978,29978,29979,29978,29979,29979,29980,29980,29979,29979,29980,12843,6441,29975,2202,29980,29981,29983,29984]} 1. d4 Nf6 2. c4 e6 3. Nf3 d5 4. Nc3 c6 5. e3 Nbd7 6. Qc2 Bd6 7. b3 O-O 8. Be2 b6 9. O-O Bb7 10. Bb2 Qe7 11. Rad1 Rad8 12. Rfe1 Rfe8 13. Bf1 {D45: Semi-Slav: 5 e3.} e5 14. e4 dxc4 {[#]} 15. bxc4 $146 {Black has an edge.} ({Predecessor:} 15. Bxc4 b5 16. Bf1 a6 17. Ne2 g6 18. dxe5 Nxe5 19. Nxe5 Bxe5 20. Bxe5 Qxe5 21. f3 {½-½ (49) Swiercz,D (2631)-Matlakov,M (2695) Yerevan 2014}) 15... exd4 16. Nxd4 {And now Nf5 would win.} Be5 17. Nf3 Bb8 18. g3 Ne5 19. Nxe5 Bxe5 20. Bg2 h5 21. Kh1 {[#]} (21. Rxd8 $11 Rxd8 22. Nd5 cxd5 23. exd5) 21... h4 $1 $17 {[%mdl 512]} 22. f4 (22. gxh4 Ng4) 22... Bxc3 (22... Bd4 $17 23. Bf3 h3) 23. Qxc3 Rxd1 24. Rxd1 c5 25. e5 ({Better is} 25. Re1 $15) 25... Ng4 {Threatens to win with ...Nf2+.} 26. Rd2 Bxg2+ 27. Kxg2 Qb7+ 28. Kh3 Qc8 $1 {( -> ...Ne3+)} 29. Kg2 (29. Kxh4 $17 {keeps fighting.} Nh6 30. Qf3 Nf5+ 31. Kh3 Ne3+ 32. g4 Nxc4 33. Rc2 Nxb2 34. Rxb2) 29... Qc6+ $19 ({Don't do} 29... hxg3 30. Kxg3 Nh6 31. h3 $15) 30. Kg1 (30. Kh3 $17 hxg3 31. Kxg3) 30... Qe4 31. e6 $2 (31. Rd7 a5 32. Qd2) 31... f6 32. Qd3 Qe1+ 33. Kg2 {Strongly threatening Re2.} h3+ $2 (33... Qxe6 $19 34. Bc1 Ne3+ 35. Kg1 Qh3 36. gxh4 Qg4+ 37. Kh1 Qf3+ 38. Kg1 Qg4+ 39. Kh1 Qf3+ 40. Kg1 Qxf4) 34. Kxh3 $17 Qxe6 {...Nf2+ is the strong threat.} ({And not} 34... Nf2+ 35. Rxf2 $1 {[%mdl 512]} Qxf2 36. Qd7 $1 $16 {[%mdl 512]}) 35. f5 Qe4 36. Qxe4 Rxe4 {[%mdl 4096] Endgame KRB-KRN} 37. Rd8+ Kh7 38. Rd7 Rxc4 {White must now prevent ...Nf2+.} 39. Rxa7 Kh6 40. Bc1+ $1 Kh5 (40... g5 $1 $15 41. fxg6+ Kxg6) 41. Rxg7 $11 {Threatening mate with Rh7+.} Rxc1 (41... Nf2+ $11 {keeps the balance.} 42. Kg2 Rxc1 43. Kxf2 Ra1) 42. Rxg4 {KR-KR} Rf1 {[#]} (42... b5 $1 $14) 43. Rg8 $1 $16 {aiming for g4+.} c4 $2 {[%mdl 8192] This move loses the game for Black.} (43... Rf3 $16 44. Kg2 Rd3) 44. g4+ $18 Kh6 45. Rg6+ Kh7 46. Rxf6 b5 47. Rc6 Rf3+ 48. Kh4 c3 49. Kg5 b4 50. Rc7+ Kg8 51. Kg6 {[%cal Rc7c8]} Kf8 52. f6 {[%cal Rc7c8]} Ke8 53. f7+ Kd8 54. Rc4 Ke7 55. Re4+ Kd6 56. Rxb4 Ke6 57. Rb6+ (57. Re4+ $142 Kd5 {[#]} 58. Re3 $1 {[%mdl 576] Promotion} Rxe3 59. f8=Q Re6+ 60. Kf5 Rd6 61. Qh8 Rc6 62. Qe5+ Kc4 63. Ke4) 57... Ke7 58. Rc6 Kd7 {[#]} 59. Rxc3 $1 {[%mdl 512] Weighted Error Value: White=0.27/Black=0.52} 1-0

[Event "FIDE Online-ch U14 Open 2020"]
[Site "Online"]
[Date "2020.12.19"]
[Round "2.1"]
[White "Guo, Arthur"]
[Black "Murzin, Volodar"]
[Result "0-1"]
[WhiteElo "2358"]
[BlackElo "2470"]
[Annotator "TA"]
[PlyCount "64"]
[EventDate "2020.12.19"]
[EventType "k.o."]
[EventCountry "NET"]
[SourceTitle "playchess.com"]
[Source "ChessBase"]
[SourceQuality "1"]

{[%evp 13,64,11,7,6,35,27,27,27,18,0,47,51,45,41,40,38,50,45,66,57,45,64,141,145,147,39,33,38,85,56,116,25,17,-57,-50,-376,-369,-563,-555,-545,-515,-543,-512,-734,-709,-856,-777,-1283,-1075,-29984,-29982,-29980,-29981]} 1. e4 c5 2. Nf3 d6 3. d4 cxd4 4. Nxd4 Nf6 5. Nc3 a6 6. Be3 e5 7. Nf3 Be7 8. Nd2 {B90: Sicilian Najdorf: Unusual White 6th moves, 6 Be3 Ng4 and 6 Be3 e5.} Be6 9. Nc4 b5 10. Nb6 $1 {[%cal Rb6a8] White has an edge.} Ra7 {[#]} 11. a4 $146 ({Predecessor:} 11. Nbd5 Rb7 12. Be2 Nbd7 13. O-O O-O 14. Nb4 Qc8 15. a4 Bc4 16. axb5 axb5 17. Ncd5 {½-½ (31) Kaasen,T (2386)-Salemgareev,T (2461) Tornelo INT 2020}) 11... Ng4 (11... b4 $5 {[%cal Rb4c3]} 12. Ncd5 Nxe4 $14) 12. Nbd5 Nxe3 13. Nxe3 b4 14. Ncd5 Nc6 15. Bc4 Bg5 16. Qd3 Qa5 17. Nf5 g6 ({Black should play} 17... O-O $14) 18. Nxd6+ $16 Kf8 19. Bb3 (19. h4 $16 Bh6 20. h5) 19... Qc5 $14 20. Nc4 Nd4 21. O-O ({Weaker is} 21. Nxe5 Bxd5 22. Bxd5 Nxc2+ 23. Ke2 Nxa1 $17) 21... f5 (21... f6 $14) 22. Nce3 ({Better is} 22. Rfe1 $16) 22... Kg7 $11 23. Kh1 (23. exf5 $11 gxf5 24. Rad1) 23... Rd8 $15 24. f3 $2 {[%mdl 8192]} (24. Ba2 $15) 24... Nxb3 $19 25. Rad1 (25. Nxf5+ {is a better defense.} gxf5 26. cxb3) 25... Bxe3 {[%mdl 64] [#] Pin} 26. Qxb3 Bg5 27. Qd3 a5 28. f4 fxe4 29. Qg3 Rxd5 30. Qxg5 Rf7 31. fxe5 Rxd1 32. Rxd1 e3 {Quite a comeback for Black.  Weighted Error Value: White=1.11/Black=0.21} 0-1

[Event "FIDE Online-ch U14 Open 2020"]
[Site "Online"]
[Date "2020.12.19"]
[Round "2.2"]
[White "Aditya Mittal"]
[Black "Lazavik, Denis"]
[Result "0-1"]
[WhiteElo "2438"]
[BlackElo "2436"]
[Annotator "TA"]
[PlyCount "110"]
[EventDate "2020.12.19"]
[EventType "k.o."]
[EventCountry "NET"]
[SourceTitle "playchess.com"]
[Source "ChessBase"]
[SourceQuality "1"]

{[%evp 9,110,15,33,22,35,41,37,36,30,23,28,19,33,33,35,0,0,-16,0,-5,0,-22,0,-6,0,0,0,-74,-77,-52,-25,-25,-21,-28,-41,-35,-28,-93,-82,-85,-77,-84,-86,-156,-162,-258,-270,-435,-416,-366,-213,-213,-215,-202,-148,-141,-155,-161,-152,-158,-103,-180,-193,-252,-246,-237,-262,-257,-193,-457,-442,-395,-411,-476,-458,-648,-625,-649,-645,-619,-546,-529,-542,-551,-562,-619,-621,-964,-820,-1401,-1411,-1805,-1739,-1913,-1768,-5062,-5062,-4829,-4779,-5506,-5414,-29953,-6071]} 1. Nf3 d5 2. g3 c6 3. Bg2 Bf5 4. O-O e6 5. d3 h6 6. c4 {A07: Réti Opening: New York and Capablanca Systems.} dxc4 7. d4 {[#]} Nf6 $146 ({Predecessor:} 7... Nd7 8. a4 a5 9. Na3 Bxa3 10. bxa3 Be4 11. Nd2 Bxg2 12. Kxg2 Nb6 13. Bb2 Nf6 {0-1 (60) Mendonca,L (2470)-Ratkovic,M (2456) Paracin 2020}) 8. Nbd2 {White is slightly better.} Be7 9. Nxc4 O-O 10. b3 Nbd7 11. Bb2 b5 12. Ncd2 (12. Nce5 $5 {[%cal Re5c6]} Be4 13. e3 $11) 12... Rc8 13. a4 Qb6 14. Re1 a6 15. e4 Bh7 16. Qe2 c5 17. axb5 axb5 18. d5 (18. Rec1 $11) 18... exd5 $17 19. exd5 Bd6 20. Bh3 Rfe8 21. Qf1 Rcd8 22. Rxe8+ Rxe8 23. Nh4 (23. Re1 $11 {keeps the balance.} Ra8 24. Ra1) 23... Be5 24. Bxd7 Nxd7 25. Re1 Qb8 $36 {[%mdl 2048] Black is really pushing.} 26. Qe2 {[#]} (26. Bxe5 $142 Rxe5 27. Rxe5 Qxe5 28. Qxb5 Qxd5 29. Qe2) 26... Kf8 $1 27. Ba3 (27. Ndf3 $142 Bxb2 28. Qxb2) 27... Bc3 $19 28. Qd1 $2 (28. Qxe8+ Qxe8 29. Rxe8+ Kxe8 30. Nhf3) 28... Rxe1+ 29. Qxe1 Qe5 (29... Qa7 $142 30. Bc1 Ne5) 30. Qxe5 Bxe5 31. Kf1 Bd6 32. Ng2 Bd3+ 33. Ke1 Ke7 34. Ne3 g5 (34... Be5 $142 35. Bc1 Bc3) 35. h3 (35. Nf3 $17) 35... f5 36. Nf3 (36. Bb2 $142) 36... f4 37. gxf4 gxf4 ({Don't take} 37... Bxf4 38. b4 $17) 38. Nd1 Be4 39. Nh4 $2 {[#]} (39. Nd2 Bc2 40. Bb2) 39... b4 40. Bc1 Kf6 {White must now prevent ...Kg5.} 41. f3 Bxd5 {...Kg5 is the strong threat.} 42. Nf2 (42. Ng2 $142) 42... Kg5 43. Ng2 Bxf3 44. Kf1 Bd5 45. Nd3 Bxb3 46. Ndxf4 Kf5 47. Kf2 c4 48. Nd5 c3 49. Nde3+ Ke4 50. Ke2 Be6 51. Nh4 b3 52. Nf3 b2 53. Bxb2 cxb2 54. Nd2+ Kf4 55. Ng2+ Kg3 {Weighted Error Value: White=0.61/Black=0.14} 0-1

[Event "FIDE Online-ch U14 Open 2020"]
[Site "Online"]
[Date "2020.12.19"]
[Round "2.2"]
[White "Daneshvar, Bardiya"]
[Black "Yoo, Christopher Woojin"]
[Result "1-0"]
[WhiteElo "2399"]
[BlackElo "2455"]
[Annotator "RC"]
[PlyCount "93"]
[EventDate "2020.12.19"]
[EventType "k.o."]
[EventCountry "NET"]
[SourceTitle "playchess.com"]
[Source "ChessBase"]
[SourceQuality "1"]

1. c4 {[%emt 0:00:00]} e6 {[%emt 0:00:08]} 2. d4 {[%emt 0:00:15]} d5 {[%emt 0:00:02]} 3. Nc3 {[%emt 0:00:03]} Nf6 {[%emt 0:00:03]} 4. cxd5 {[%emt 0:00:07]} Nxd5 {[%emt 0:00:02]} 5. e4 {[%emt 0:00:09]} Nxc3 {[%emt 0:00:02]} 6. bxc3 {[%emt 0:00:02]} c5 {[%emt 0:00:01]} 7. Nf3 {[%emt 0:00:02]} cxd4 {[%emt 0:00:02]} 8. cxd4 {[%emt 0:00:01]} Bb4+ {[%emt 0:00:02]} 9. Bd2 {[%emt 0:00:02]} Bxd2+ {[%emt 0:00:01]} 10. Qxd2 {[%emt 0:00:01]} O-O {[%emt 0:00:02]} 11. Bc4 {[%emt 0:00:03]} b6 {[%emt 0:00:02]} 12. O-O {[%emt 0:01:22]} Bb7 {[%emt 0:00:11]} 13. Rfe1 {[%emt 0:00:37]} Nd7 {[%emt 0:00:04]} 14. Rad1 {[%emt 0:01:19]} Rc8 {[%emt 0:00:54]} 15. Bd3 {[%emt 0:00:24]} Re8 {[%emt 0:00:03]} 16. d5 {[%emt 0:01:37]} Nc5 {[%emt 0:03:04]} 17. Bb5 {[%emt 0:01:38]} Rf8 {[%emt 0:00:10]} 18. Nd4 {[%emt 0:01:44]} exd5 {[%emt 0:04:03]} 19. e5 {[%emt 0:00:51]} Ne4 {[%emt 0:01:29]} 20. Qf4 {[%emt 0:00:24]} Nc3 {[%emt 0:01:15]} 21. Rd2 {[%emt 0:00:11]} Nxb5 {[%emt 0:00:50]} 22. Nxb5 {[%emt 0:00:04]} Rc4 {[%emt 0:00:05]} 23. Rd4 {[%emt 0:00:30]} Re8 {[%emt 0:00:46]} 24. h4 {[%emt 0:00:51]} Rxd4 {[%emt 0:01:18]} 25. Nxd4 {[%emt 0:00:30]} Bc8 {[%emt 0:00:36]} 26. Re3 {[%emt 0:00:41]} Qc7 {[%emt 0:00:13]} 27. Nb5 {[%emt 0:00:36]} Qc4 {[%emt 0:00:41]} 28. Nd4 {[%emt 0:00:45]} Qc7 {[%emt 0:00:08]} 29. Qg3 {[%emt 0:02:01]} Bd7 {[%emt 0:00:45]} 30. Kh2 {[%emt 0:01:24]} h5 {[%emt 0:00:56]} 31. Re1 {[%emt 0:01:26]} Qc5 {[%emt 0:01:05]} 32. Qf4 {[%emt 0:00:08]} Qe7 {[%emt 0:00:08]} 33. Kg3 {[%emt 0:00:22]} Rc8 {[%emt 0:00:09]} 34. Qe3 {[%emt 0:00:13]} Rc4 {[%emt 0:00:13]} 35. f4 {[%emt 0:00:07]} Qc5 {[%emt 0:00:33]} 36. Rd1 {[%emt 0:00:06]} Ba4 {[%emt 0:00:14]} 37. Rd2 {[%emt 0:00:07]} Bc2 {[%emt 0:00:11]} 38. Kh2 {[%emt 0:00:16]} Be4 {[%emt 0:00:25]} 39. f5 {[%emt 0:00:03]} Qc7 {[%emt 0:00:05]} 40. Qg3 {[%emt 0:00:09]} Rc3 {[%emt 0:00:07]} 41. Qf4 {[%emt 0:00:14]} Rc1 {[%emt 0:00:16]} 42. f6 {[%emt 0:00:15]} Re1 {[%emt 0:00:03]} 43. Qg3 {[%emt 0:00:07]} g6 {[%emt 0:00:07]} 44. Qxe1 {[%emt 0:00:02]} Qxe5+ {[%emt 0:00:01]} 45. Qg3 {[%emt 0:00:02]} Qxf6 {[%emt 0:00:01]} 46. Nf3 {[%emt 0:00:06]} Bxf3 {[%emt 0:00:07]} 47. Rf2 {[%emt 0:00:04]} 1-0

[Event "FIDE Online-ch U14 Open 2020"]
[Site "Online"]
[Date "2020.12.19"]
[Round "2.2"]
[White "Pranav Vijay"]
[Black "Gukesh D"]
[Result "1-0"]
[WhiteElo "2265"]
[BlackElo "2563"]
[Annotator "TA"]
[PlyCount "51"]
[EventDate "2020.12.19"]
[EventType "k.o."]
[EventCountry "NET"]
[SourceTitle "playchess.com"]
[Source "ChessBase"]
[SourceQuality "1"]

{[%evp 12,51,19,17,25,27,22,0,27,29,28,25,23,12,25,15,27,25,133,51,245,251,208,29,44,0,235,225,222,208,192,194,200,164,403,387,600,514,507,500,478,442]} 1. e4 c6 2. d4 d5 3. e5 Bf5 4. Nf3 e6 5. Be2 c5 6. O-O Nc6 7. c3 cxd4 {B12: Caro-Kann: Advance Variation.} 8. Nxd4 $1 {[%mdl 4] outshines the older 8.cxd4. Played by Magnus Carlsen in September 2020.} Nge7 9. f4 Nxd4 {The position is equal.} 10. cxd4 {[#]} Nc6 $146 ({Predecessor:} 10... Bxb1 11. Rxb1 Qb6 12. Qa4+ Nc6 13. Be3 g6 14. Rf3 Qb4 15. Qd1 Be7 16. Bf2 Bd8 {½-½ (52) Dogan,S (1737)-Uzun,B (1682) Kocaeli 2015}) 11. g4 Be4 12. Nc3 Bb4 13. Nxe4 dxe4 14. Be3 Qb6 (14... O-O $11) 15. Qb3 (15. Qc2 $16) 15... Nxd4 $2 (15... O-O $14) 16. Qa4+ $1 $18 Ke7 17. Kh1 $2 (17. Kf2 $1 $18) 17... Rhd8 $11 18. Rfd1 {[%mdl 1024] Threatens to win with Rac1. White has compensation.} (18. Rad1 $5 {[%cal Rf4f5]}) 18... Kf8 $2 {[#]} (18... Bc5 $1 $11 {and Black has nothing to worry.} 19. Rac1 Qxb2 20. Rxc5 Qxe2 21. Bxd4 (21. Rc7+ Kf8 $17) 21... Qf3+ 22. Kg1 Qxg4+ 23. Kh1 Qf3+ 24. Kg1 Qg4+ 25. Kh1 Qf3+ 26. Kg1 Qg4+) 19. Rac1 $1 $18 Bc5 {[#]} 20. b4 $1 {[%cal Bb2b4,Bb4b5][%mdl 544]} Be7 {[#] and the idea ...Rd5 leaves Black hopeful.} (20... Qxb4 21. Qxb4) 21. b5 $1 Bc5 {[#]} 22. Rxc5 $1 {[%mdl 512]} Nxe2 $2 (22... Qxc5 23. Bxd4 Qc7) 23. Re1 ({Inferior is} 23. Rc8 Raxc8 24. Bxb6 Rxd1+ 25. Qxd1 Rc1 $17) 23... Nxf4 (23... a6 $142 24. Rxe2 axb5 25. Qxe4 Kg8) 24. Rcc1 {White is clearly winning.} Nd3 25. Bxb6 axb6 26. Qb3 {Accuracy: White = 68%, Black = 39%.} 1-0

[Event "FIDE Online-ch U14 Open 2020"]
[Site "Online"]
[Date "2020.12.19"]
[Round "2.3"]
[White "Yoo, Christopher Woojin"]
[Black "Daneshvar, Bardiya"]
[Result "1-0"]
[WhiteElo "2455"]
[BlackElo "2399"]
[Annotator "TA"]
[PlyCount "77"]
[EventDate "2020.12.19"]
[EventType "k.o."]
[EventCountry "NET"]
[SourceTitle "playchess.com"]
[Source "ChessBase"]
[SourceQuality "1"]

{[%evp 9,77,0,0,2,17,2,3,-5,0,-22,-22,-33,-22,-24,0,-60,-46,-48,0,-8,-15,-10,8,8,8,8,50,8,9,14,0,0,26,0,23,0,62,31,77,25,78,28,33,0,0,0,0,0,14,26,20,0,0,0,0,0,5,3,20,20,141,101,183,148,367,353,468,247,957,937]} 1. e4 c6 2. Nc3 d5 3. Qf3 d4 4. Bc4 Nf6 5. e5 Nbd7 6. exf6 {B11: Caro-Kann: Two Knights Variation.} Ne5 {[%mdl 64] [#] Double Attack} 7. Qg3 exf6 8. Bb3 {aiming for Ne4.The position is equal.} dxc3 {[#]} 9. bxc3 $146 ({Predecessor:} 9. dxc3 a5 10. a4 Ng6 11. Ne2 Bd6 12. Qe3+ Ne7 13. Qf3 Be6 14. Bxe6 fxe6 15. Be3 {½-½ (32) Sutton,A (2274)-Girling,C (2278) ICCF email 2014}) 9... Ng6 10. d4 Bd6 11. Qe3+ Qe7 (11... Ne7 {looks sharper.} 12. Ne2 O-O 13. Qf3 Re8 14. O-O Ng6) 12. h4 (12. Qxe7+ $11 Kxe7 13. Nf3) 12... Qxe3+ 13. Bxe3 h5 14. Ne2 Be6 15. f3 Ne7 16. Kf2 Nf5 17. Bf4 Kd7 18. Bxd6 (18. c4 {is interesting.} Kc7 19. Bxd6+ Nxd6 20. c5 Nf5 21. c4) 18... Kxd6 19. Nf4 Bxb3 20. axb3 a6 21. Rad1 g6 22. c4 {[%cal Bc3c4,Bc4c5][%mdl 32]} Rae8 (22... b5 $11) 23. c5+ Kc7 24. d5 (24. Rd3 $16) 24... Re5 (24... Re3 $11) 25. c4 Rhe8 26. b4 g5 27. hxg5 ({Wrong is} 27. Nxh5 $2 Re2+ 28. Kg1 {[#]} Ne3 $1 $19 {[%mdl 512]}) 27... fxg5 28. d6+ (28. Nxh5 $2 Re2+ 29. Kf1 Rb2 $19) 28... Kd8 29. d7 ({Not} 29. Nxh5 $2 Re2+ 30. Kf1 Rb2 $19) 29... Rh8 30. Rxh5 Rxh5 31. Nxh5 $11 {[%mdl 4096] Endgame KRN-KRN} Ne3 32. Rc1 Kxd7 33. Nf6+ Kc7 34. Ne4 Nf5 (34... Ng4+ $1 $11 {keeps the balance.} 35. Kg3 Ne3) 35. Rh1 Ne7 (35... Nd4 $16 {was worth a try.}) 36. Rh7 Kd7 $2 (36... a5 $16) 37. Rxf7 $18 Ke6 38. Rf8 (38. Rf6+ $142 Kd7 39. g4) 38... Ng6 $2 (38... g4 39. Rb8 gxf3 40. gxf3 Rh5 41. Rxb7 Nf5) 39. Rf6+ {[%mdl 64] Double Attack.  Weighted Error Value: White=0.22/Black=0.33} 1-0

[Event "FIDE Online-ch U14 Open 2020"]
[Site "Online"]
[Date "2020.12.19"]
[Round "2.3"]
[White "Pranav Vijay"]
[Black "Gukesh D"]
[Result "0-1"]
[WhiteElo "2265"]
[BlackElo "2563"]
[Annotator "RC"]
[PlyCount "118"]
[EventDate "2020.12.19"]
[EventType "k.o."]
[EventCountry "NET"]
[SourceTitle "playchess.com"]
[Source "ChessBase"]
[SourceQuality "1"]

1. e4 {[%emt 0:10:13]} c6 {[%emt 0:11:11]} 2. d4 {[%emt 0:00:12]} d5 {[%emt 0:00:11]} 3. e5 {[%emt 0:00:10]} Bf5 {[%emt 0:00:11]} 4. Nf3 {[%emt 0:00:11]} e6 {[%emt 0:00:11]} 5. Be2 {[%emt 0:00:11]} c5 {[%emt 0:00:11]} 6. O-O {[%emt 0:00:12]} Nc6 {[%emt 0:00:11]} 7. c3 {[%emt 0:00:11]} cxd4 {[%emt 0:00:11]} 8. Nxd4 {[%emt 0:00:12]} Nge7 {[%emt 0:00:11]} 9. f4 {[%emt 0:00:12]} Qb6 {[%emt 0:00:11]} 10. Bb5 {[%emt 0:00:48]} O-O-O {[%emt 0:00:15]} 11. Bxc6 {[%emt 0:00:15]} Nxc6 {[%emt 0:00:12]} 12. Kh1 {[%emt 0:00:12]} Nxd4 {[%emt 0:00:15]} 13. cxd4 {[%emt 0:00:11]} Kb8 {[%emt 0:00:11]} 14. Nc3 {[%emt 0:00:13]} Bb4 {[%emt 0:00:12]} 15. Na4 {[%emt 0:00:25]} Qb5 {[%emt 0:00:12]} 16. Be3 {[%emt 0:00:24]} Qd3 {[%emt 0:00:12]} 17. Qf3 {[%emt 0:00:14]} Be4 {[%emt 0:00:11]} 18. Qf2 {[%emt 0:00:12]} Rc8 {[%emt 0:00:13]} 19. Nc5 {[%emt 0:00:13]} Bxc5 {[%emt 0:00:22]} 20. dxc5 {[%emt 0:00:11]} Qc2 {[%emt 0:00:11]} 21. Qxc2 {[%emt 0:00:12]} Bxc2 {[%emt 0:00:11]} 22. Bd4 {[%emt 0:00:11]} Be4 {[%emt 0:00:14]} 23. Kg1 {[%emt 0:00:11]} Rhg8 {[%emt 0:00:19]} 24. g3 {[%emt 0:00:12]} h5 {[%emt 0:00:16]} 25. Rfe1 {[%emt 0:00:12]} h4 {[%emt 0:00:12]} 26. g4 {[%emt 0:00:19]} f6 {[%emt 0:00:13]} 27. h3 {[%emt 0:00:14]} f5 {[%emt 0:00:13]} 28. g5 {[%emt 0:00:11]} Rc6 {[%emt 0:00:14]} 29. Kf2 {[%emt 0:00:13]} b6 {[%emt 0:00:12]} 30. b4 {[%emt 0:00:11]} bxc5 {[%emt 0:00:13]} 31. Bxc5 {[%emt 0:00:12]} d4 {[%emt 0:00:12]} 32. Red1 {[%emt 0:00:20]} d3 {[%emt 0:00:11]} 33. Ke3 {[%emt 0:00:11]} Rd8 {[%emt 0:00:11]} 34. a4 {[%emt 0:00:11]} a5 {[%emt 0:00:15]} 35. Bd6+ {[%emt 0:00:18]} Ka8 {[%emt 0:00:11]} 36. bxa5 {[%emt 0:00:11]} Rc2 {[%emt 0:00:11]} 37. Rab1 {[%emt 0:00:13]} Rdc8 {[%emt 0:00:20]} 38. Rb6 {[%emt 0:00:13]} R8c4 {[%emt 0:00:12]} 39. Re1 {[%emt 0:00:36]} d2 {[%emt 0:00:12]} 40. Rd1 {[%emt 0:00:14]} R4c3+ {[%emt 0:00:11]} 41. Kf2 {[%emt 0:00:12]} Bf3 {[%emt 0:00:15]} 42. Rbb1 {[%emt 0:00:35]} Bxd1 {[%emt 0:00:13]} 43. Rxd1 {[%emt 0:00:11]} Rxh3 {[%emt 0:00:12]} 44. Ke2 {[%emt 0:00:11]} Rh2+ {[%emt 0:00:12]} 45. Kd3 {[%emt 0:00:12]} Rc1 {[%emt 0:00:11]} 46. Rxd2 {[%emt 0:00:11]} Rxd2+ {[%emt 0:00:11]} 47. Kxd2 {[%emt 0:00:10]} h3 {[%emt 0:00:11]} 48. Kxc1 {[%emt 0:00:11]} h2 {[%emt 0:00:11]} 49. Kb2 {[%emt 0:00:11]} h1=Q {[%emt 0:00:12]} 50. Kb3 {[%emt 0:00:11]} Qe4 {[%emt 0:00:11]} 51. Bf8 {[%emt 0:00:13]} g6 {[%emt 0:00:12]} 52. Bd6 {[%emt 0:00:12]} Qxf4 {[%emt 0:00:11]} 53. Kc3 {[%emt 0:00:11]} Qe4 {[%emt 0:00:12]} 54. Kb3 {[%emt 0:00:11]} f4 {[%emt 0:00:11]} 55. Kc3 {[%emt 0:00:11]} f3 {[%emt 0:00:11]} 56. Kb3 {[%emt 0:00:12]} f2 {[%emt 0:00:11]} 57. Kc3 {[%emt 0:00:11]} f1=Q {[%emt 0:00:12]} 58. Kd2 {[%emt 0:00:10]} Qfd3+ {[%emt 0:00:11]} 59. Kc1 {[%emt 0:00:12]} Qc2# {[%emt 0:00:11]} 0-1